000 00564nam a2200205Ia 4500
005 20250508162944.0
008 008 250505s9999 xx 000 0 hin d
020 _a81-85813-48-5
037 _aTextual
040 _aFEDL
_beng
_cFEDL
041 _ahin
_2eng
084 _a370.1, SHA
_qFEDL
100 _aSharma Rajani
_9774506
245 0 _aShiksha samaj tatha darshan
260 _aJaipur, India
_bR.B.S.A. Publishers
_c1995
300 _a245p.
650 _aEducation-Philosophy
942 _cTEXL
_h370.1, SHA
999 _c1379617
_d1379617